000 00598nam a2200181Ia 4500
003 GCL
008 140319s9999 xx 000 0 ara d
040 _aGCL /
_cGCL
082 0 4 _a345.04
_bس ن
100 1 _aسمير عالية
245 1 0 _aقانون العقوبات القسم العام المسئوولية والجزاء /
_cسمير عالية
260 _a[S.N] :
_bالمؤسسة الجامعية للدراسات والنشر والتوزيع ،
_c1993
300 _a304 ص
490 _a
650 0 4 _aالقانون
650 0 4 _aقانون العقوبات
942 _2ddc
_cBK
999 _c45590
_d45590